| Tag |
First Indicator |
Second Indicator |
Subfields |
| LEADER |
00000cam a2200000 i 4500 |
| 001 |
in00002781730 |
| 005 |
20150922124837.0 |
| 008 |
120830s2012 cauab b 000 0 eng |
| 010 |
|
|
|a 2012035421
|
| 020 |
|
|
|a 9780833076823 (pbk. : alk. paper)
|
| 020 |
|
|
|a 0833076825 (pbk. : alk. paper)
|
| 035 |
|
|
|a (OCoLC)ocn809834659
|
| 040 |
|
|
|a DLC
|b eng
|e rda
|c DLC
|d YDX
|d YDXCP
|d BTCTA
|d CZL
|d TXA
|d UtOrBLW
|
| 042 |
|
|
|a pcc
|
| 043 |
|
|
|a n-us---
|a e-ur---
|
| 049 |
|
|
|a TXAM
|
| 050 |
0 |
0 |
|a JZ5675
|b .K43 2012
|
| 082 |
0 |
0 |
|a 327.1/7470973
|2 23
|
| 100 |
1 |
|
|a Kearn, David W.
|
| 245 |
1 |
0 |
|a Facing the missile challenge :
|b U.S. strategy and the future of the INF Treaty /
|c David W. Kearn, Jr.
|
| 264 |
|
1 |
|a Santa Monica, CA :
|b RAND,
|c 2012.
|
| 300 |
|
|
|a xxiii, 164 pages :
|b illustrations, color map ;
|c 23 cm
|
| 336 |
|
|
|a text
|b txt
|2 rdacontent
|
| 337 |
|
|
|a unmediated
|b n
|2 rdamedia
|
| 338 |
|
|
|a volume
|b nc
|2 rdacarrier
|
| 490 |
1 |
|
|a Rand Corporation monograph series
|
| 500 |
|
|
|a "MG-1181-TSF"--P. 4 of cover.
|
| 504 |
|
|
|a Includes bibliographical references.
|
| 650 |
|
0 |
|a Nuclear nonproliferation
|z United States.
|
| 650 |
|
0 |
|a Nuclear arms control
|z United States.
|
| 650 |
|
0 |
|a Security, International.
|
| 630 |
1 |
0 |
|a Treaty Between the United States of America and the Union of Soviet Socialist Republics on the Elimination of Their Intermediate-Range and Shorter-Range Missiles (1987 December 8)
|
| 651 |
|
0 |
|a United States
|x Defenses.
|
| 651 |
|
0 |
|a United States
|x Military policy.
|
| 830 |
|
0 |
|a Rand Corporation monograph series.
|
| 948 |
|
|
|a cataloged
|b h
|c 2012/10/19
|d c
|e ceaton
|f 9:13:57 am
|
| 994 |
|
|
|a C0
|b TXA
|
| 999 |
|
|
|a MARS
|
| 999 |
f |
f |
|s 30260645-5b15-346a-975a-c488cf26ff62
|i 1d7d1643-efa5-3cd5-a0ea-8f5e17a8aa3a
|t 0
|
| 952 |
f |
f |
|p ric
|a Texas A&M University
|b Rellis Campus
|c Joint Library Facility
|d Remote Storage
|t 0
|e JZ5675 .K43 2012
|h Library of Congress classification
|i unmediated -- volume
|m A14841588315
|
| 998 |
f |
f |
|a JZ5675 .K43 2012
|t 0
|l Remote Storage
|